Laboratory and diagnostic tests with nursing implications: (Record no. 2205)
[ view plain ]
| 000 -LEADER | |
|---|---|
| fixed length control field | 00294nam a22001097a 4500 |
| 008 - FIXED-LENGTH DATA ELEMENTS--GENERAL INFORMATION | |
| fixed length control field | 160518b xxu||||| |||| 00| 0 eng d |
| 020 ## - INTERNATIONAL STANDARD BOOK NUMBER | |
| International Standard Book Number | 0838555780 |
| 041 ## - LANGUAGE CODE | |
| Language code of text/sound track or separate title | eng |
| 080 ## - UNIVERSAL DECIMAL CLASSIFICATION NUMBER | |
| Universal Decimal Classification number | 618.2 |
| 245 ## - TITLE STATEMENT | |
| Title | Laboratory and diagnostic tests with nursing implications: |
| Statement of responsibility, etc | joyce LeFever Kee; |
| 942 ## - ADDED ENTRY ELEMENTS (KOHA) | |
| Source of classification or shelving scheme | |
| Item type | Books |
| Withdrawn status | Lost status | Source of classification or shelving scheme | Damaged status | Not for loan | Collection code | Permanent location | Current location | Shelving location | Date acquired | Total Checkouts | Full call number | Barcode | Date last seen | Price effective from | Koha item type |
|---|---|---|---|---|---|---|---|---|---|---|---|---|---|---|---|
| Koleksioni i përgjithshem | UBT - Lipjan | UBT - Lipjan | Koleksioni i përgjithshem | 05/18/2016 | 618.2 JOY | 002-029447 | 05/18/2016 | 05/18/2016 | Books | ||||||
| Koleksioni i përgjithshem | UBT - Lipjan | UBT - Lipjan | Koleksioni i përgjithshem | 02/26/2021 | 610.73 LEF | 002-6000715 | 02/26/2021 | 02/26/2021 | Books |